| 000 | 01297nam a22003617a 4500 | ||
|---|---|---|---|
| 003 | CHAP | ||
| 005 | 20220329140728.0 | ||
| 008 | 971013s1982 r 00010 d | ||
| 010 | _a56653 | ||
| 011 | _a57625 | ||
| 035 | _a61780 | ||
| 040 | _cCHAP | ||
| 090 | _aTesis | ||
| 100 | 0 | 0 |
_aZubieta Peniche, Francisco René. _9124255 |
| 245 | _aSuplementación de hierro y zinc, a raciones con altos niveles de cobre para cerdos de abasto en la fase de acabado | ||
| 260 |
_a(Monterrey, N.L.) : _bEl autor, _c1982 |
||
| 300 | _a48 h. | ||
| 502 | _aTesis (Ing. Agrónomo Zootecnist) -- ITESM. Div. de Ciencias Agropecuarias y Marítimas | ||
| 590 |
_aALEPH _b10 _c20130110 _lUCH01 _h1335 |
||
| 590 |
_aBATCH-UPD _b10 _c20130110 _lUCH01 _h0014 |
||
| 590 |
_aBATCH-UPD _b10 _c20130110 _lUCH01 _h0751 |
||
| 590 |
_aBATCH-UPD _b10 _c20130409 _lUCH01 _h1951 |
||
| 590 |
_aBATCH-UPD _b10 _c20130410 _lUCH01 _h0431 |
||
| 590 |
_aBATCH-UPD _b10 _c20130914 _lUCH01 _h0954 |
||
| 590 |
_aCONVERSION _b10 _c20130109 _lUCH01 _h1330 |
||
| 650 | 1 | 4 |
_aCobre en nutrición animal. _924191 |
| 650 | 1 | 4 |
_aGanado porcino _xAlimentación. _945329 |
| 650 | 1 | 4 |
_aHierro en nutrición animal. _955302 |
| 650 | 1 | 4 |
_aZinc en nutrición animal. _9124068 |
| 901 | _aBK | ||
| 942 | _cTESIS | ||
| 949 |
_bBC _cTES _d-132617 _eTS1 _i61780 _si |
||
| 999 |
_c56653 _d56653 |
||